000 00664nam1a22002411i 4500
001 v19\rc\2084742
005 20240723125203.0
035 _a(NLR Aleph) 005154989
090 _a4936959
_c4936959
100 _a20081218d1912 |||y0rusy50 ca
101 0 _arus
102 _aRU
105 _ay z |||||
200 1 _a[Отчет]...
_fСанитарное бюро
210 _a[Одесса
_d1912]
215 _d23
309 _aБез тит. л. и обл.
532 1 3 _aОтчет
710 0 2 _aОдесское гор. санитарное бюро
801 0 _aRU
_bNLR
_gpsbo
801 1 _aRU
_bProSoft-M
_2rusmarc
852 _aNLR
_j40.21.7.238
942 _cBOOK